000 00550nam a2200169Ia 4500
008 090711s9999 xx 000 0 und d
082 _b50473
100 _aटिळक अशोक देवदत्त
245 _aजरा वेगळा अँगल
260 _c1979
300 _a92
600 _aटिळक अशोक देवदत्त
630 _aजरा वेगळा अँगल
700 _aटिळक अशोक देवदत्त
730 _aजरा वेगळा अँगल
942 _cBOOK
999 _c332526
_d332526